Principios de marketing (Registro nro. 8256)
[ vista simple ]
| 000 -LEADER | |
|---|---|
| fixed length control field | 02032 a2200253 4500 |
| 001 - CONTROL NUMBER | |
| control field | 63636 |
| 005 - DATE AND TIME OF LATEST TRANSACTION | |
| control field | 20260407155935.0 |
| 008 - FIXED-LENGTH DATA ELEMENTS--GENERAL INFORMATION | |
| fixed length control field | 260407a2018 arg spa d |
| 003 - CONTROL NUMBER IDENTIFIER | |
| control field | AR-UNSa-BCEJYS |
| 040 ## - CATALOGING SOURCE | |
| Original cataloging agency | AR-UNSa-BCEJYS |
| Language of cataloging | spa |
| Transcribing agency | AR-UNSa-BCEJYS |
| 080 ## - UNIVERSAL DECIMAL CLASSIFICATION NUMBER | |
| Universal Decimal Classification number | 658.8 |
| Common auxiliary subdivision | Organización de mercados. Marketing. Ventas. Distribución |
| 020 ## - INTERNATIONAL STANDARD BOOK NUMBER | |
| International Standard Book Number | 978-84-9035-612-8 |
| 041 ## - LANGUAGE CODE | |
| Language code of text/sound track or separate title | spa |
| 100 1# - MAIN ENTRY--PERSONAL NAME | |
| Personal name | Kotler, Philip |
| 245 10 - TITLE STATEMENT | |
| Title | Principios de marketing |
| 250 ## - EDITION STATEMENT | |
| Edition statement | 17a. ed. |
| 264 #1 - PRODUCTION, PUBLICATION, DISTRIBUTION, MANUFACTURE, AND COPYRIGHT NOTICE | |
| Place of production, publication, distribution, manufacture | Madrid : |
| Name of producer, publisher, distributor, manufacturer | Pearson Educación |
| Date of production, publication, distribution, manufacture, or copyright notice | 2018 |
| 300 ## - PHYSICAL DESCRIPTION | |
| Extent | xxiv, 765 p. |
| Dimensions | 27 cm. |
| 505 ## - FORMATTED CONTENTS NOTE | |
| Formatted contents note | 1. Marketing: gestión de la creación de valor y compromiso - 2. Estrategia de la empresa y de marketing: colaboración para establecer el valor, el compromiso y las relaciones con el cliente - 3. Análisis del entorno del marketing - 4. Gestión de la información de marketing para obtener información de los clientes - 5. Mercados de consumidores y conductas de compra - 6. Mercados organizacionales - 7. Estrategia de marketing orientada al cliente: creación de valor para los clientes objetivo - 8. Productos, servicios y marcas: crear valor - 9. Desarrollo de nuevos productos y gestión del ciclo de vida del producto - 10. Fijación del precio: comprensión y captura de valor para el cliente - 11. Estrategias de precio: consideraciones adicionales - 12. Canales de marketing: distribuir el valor para el consumidor - 13. Minoristas y mayoristas - 14. Comprometer y comunicar el valor para el cliente: estrategia de comunicación de marketing integral - 15. Publicidad y relaiones públicas - 16. Venta personal y promoción de ventas - 17. Marketing directo, online, en redes sociales y en teléfonos móviles - 18. Creación de una ventaja competitiva - 19. El mercado global - 20. Marketing sostenible: responsabilidad social y ética - |
| 590 ## - LOCAL NOTE (RLIN) | |
| Local note | niveau_biblio:m niveau_hierar:0 |
| 700 1# - ADDED ENTRY--PERSONAL NAME | |
| Personal name | Armstrong, Gary |
| 856 41 - ELECTRONIC LOCATION AND ACCESS | |
| Uniform Resource Identifier | <a href="https://www.biblioeco.unsa.edu.ar/pmb/images/libros/L129413.jpg">https://www.biblioeco.unsa.edu.ar/pmb/images/libros/L129413.jpg</a> |
| Link text | Imagen de portada |
| Electronic format type | image/jpeg |
| 942 ## - ADDED ENTRY ELEMENTS (KOHA) | |
| Koha item type | |
| Withdrawn status | Lost status | Damaged status | Not for loan | Home library | Current library | Shelving location | Date acquired | Total checkouts | Full call number | Barcode | Date last seen | Price effective from | Koha item type |
|---|---|---|---|---|---|---|---|---|---|---|---|---|---|
| Biblioteca Prof. Eusebio Cleto del Rey | Biblioteca Prof. Eusebio Cleto del Rey | 07/04/2026 | 658.8 K87p 17ed. | L129413 | 07/04/2026 | 07/04/2026 | Libro |